250 từ Kanji cơ bản : 漢字の基本単語250語 /

Spremljeno u:
Bibliografski detalji
Glavni autor: Nguyễn Ngọc Mạnh
Format: Knjiga
Jezik:Vietnamese
Japanese
Izdano: Tp.HCM : NXB thống kê, 2004.
Teme:
Oznake: Dodaj oznaku
Bez oznaka, Budi prvi tko označuje ovaj zapis!
Thư viện lưu trữ: Mạng thư viện Đại học Đà Nẵng
LEADER 01147nam a22003251a 4500
001 000038651
003 14946
005 20210405094442.0
008 160412s2004 000
020 |a 32000 
040 |a lnn  |c lnn  |d lnn 
041 0 |a vie  |a jpn 
082 1 4 |a 495.6  |b NG-M 
100 1 |a Nguyễn Ngọc Mạnh 
245 1 0 |a 250 từ Kanji cơ bản :  |b 漢字の基本単語250語 /  |c Nguyễn Ngọc Mạnh. 
260 |a Tp.HCM :  |b NXB thống kê,  |c 2004. 
300 |a 240 tr. :  |b ill. ;  |c 19 cm. 
630 0 4 |a Japanese language. 
630 0 4 |a Nhật ngữ. 
650 0 4 |a Japanese language  |x Study and teaching. 
650 0 4 |a Nhật ngữ.  |a Kanji cơ bản 
OWN |a LNN 
902 |a TKN 
AVA |a UDN50  |b LNN  |c Japanese-Korean-Thailander  |d 495.6 NG-M  |e available  |t Error 5001 Not defined in file expand_doc_bib_avail.  |f 2  |g 0  |h N  |i 0  |j HN 
999 |a From the UDN01 
AVA |a UDN50  |b LNN  |c Japanese-Korean-Thailander  |d 495.6 NG-M  |e available  |t Error 5001 Not defined in file expand_doc_bib_avail.  |f 2  |g 0  |h N  |i 0  |j HN 
TYP |a Monograph 
980 |a Mạng thư viện Đại học Đà Nẵng